[Event "MCR druzstev mladsich zaku 2015"]
[Site "Hradec Kralove"]
[Date "2015.06.12"]
[Round "2.8"]
[White "Demko (Interchess), Robert"]
[Black "Glozar (Loko Brno), Petr"]
[Result "1-0"]
[BlackElo "1522"]
[WhiteElo "1888"]
[LiveChessVersion "1.4.4"]

1. d4 {[%clk 0:25:16]} Nf6 {[%clk 0:25:09]} 2. c4 {[%clk 0:25:22]} g6
{[%clk 0:25:13]} 3. Nc3 {[%clk 0:25:17]} d5 {[%clk 0:25:17]} 4. cxd5
{[%clk 0:24:47]} Nxd5 {[%clk 0:25:21]} 5. e4 {[%clk 0:24:51]} Nxc3
{[%clk 0:25:06]} 6. bxc3 {[%clk 0:24:59]} Bg7 {[%clk 0:24:57]} 7. Nf3
{[%clk 0:24:34]} c5 {[%clk 0:24:49]} 8. Bb2 {[%clk 0:22:42]} Qb6 {[%clk 0:21:58]}
9. Rb1 {[%clk 0:22:30]} Qa5 {[%clk 0:19:39]} 10. Bc4 {[%clk 0:19:24]} O-O
{[%clk 0:18:45]} 11. O-O {[%clk 0:19:10]} Bg4 {[%clk 0:17:44]} 12. h3
{[%clk 0:19:11]} Bxf3 {[%clk 0:17:41]} 13. Qxf3 {[%clk 0:19:11]} Nc6
{[%clk 0:16:58]} 14. Rfd1 {[%clk 0:18:06]} Rad8 {[%clk 0:16:01]} 15. Qe3
{[%clk 0:15:45]} cxd4 {[%clk 0:12:00]} 16. cxd4 {[%clk 0:15:47]} e5
{[%clk 0:07:22]} 17. d5 {[%clk 0:12:39]} Nd4 {[%clk 0:06:40]} 18. Bxd4
{[%clk 0:12:33]} exd4 {[%clk 0:06:26]} 19. Qd3 {[%clk 0:11:49]} b6
{[%clk 0:04:29]} 20. Rd2 {[%clk 0:11:12]} Qc3 {[%clk 0:03:26]} 21. Qe2
{[%clk 0:10:03]} Qa3 {[%clk 0:02:31]} 22. Rd3 {[%clk 0:09:23]} Qd6
{[%clk 0:01:59]} 23. Bb5 {[%clk 0:08:07]} g5 {[%clk 0:01:20]} 24. Bc6
{[%clk 0:07:38]} h6 {[%clk 0:00:43]} 25. Re1 {[%clk 0:07:07]} Be5
{[%clk 0:00:25]} 26. Qg4 {[%clk 0:06:41]} Kh8 {[%clk 0:00:18]} 27. Kh1
{[%clk 0:06:16]} Qc7 {[%clk 0:00:11]} 28. g3 {[%clk 0:05:59]} Qd6
{[%clk 0:00:13]} 29. Qf5 {[%clk 0:05:38]} Kg7 {[%clk 0:00:11]} 30. f4
{[%clk 0:05:42]} gxf4 {[%clk 0:00:14]} 31. gxf4 {[%clk 0:05:51]} 1-0

[Event "MCR druzstev mladsich zaku 2015"]
[Site "Hradec Kralove"]
[Date "2015.06.12"]
[Round "2.9"]
[White "Kures (Loko Brno), Michael"]
[Black "Szotkowski (Interchess), David"]
[Result "1-0"]
[BlackElo "1726"]
[WhiteElo "1533"]
[LiveChessVersion "1.4.4"]

1. f4 {[%clk 0:25:17]} d5 {[%clk 0:25:18]} 2. Nf3 {[%clk 0:25:24]} c5
{[%clk 0:25:23]} 3. e3 {[%clk 0:25:29]} Nc6 {[%clk 0:25:29]} 4. b3
{[%clk 0:25:37]} Nf6 {[%clk 0:25:21]} 5. Bb2 {[%clk 0:25:45]} Bf5
{[%clk 0:24:56]} 6. Be2 {[%clk 0:25:48]} e6 {[%clk 0:24:58]} 7. O-O
{[%clk 0:25:50]} Be7 {[%clk 0:24:17]} 8. d3 {[%clk 0:24:24]} O-O {[%clk 0:24:08]}
9. Nbd2 {[%clk 0:24:13]} Qc7 {[%clk 0:23:12]} 10. c4 {[%clk 0:23:38]} Rfd8
{[%clk 0:22:36]} 11. cxd5 {[%clk 0:23:26]} exd5 {[%clk 0:22:33]} 12. d4
{[%clk 0:22:48]} Nb4 {[%clk 0:20:58]} 13. Nh4 {[%clk 0:18:59]} Be4
{[%clk 0:17:35]} 14. Nxe4 {[%clk 0:17:16]} Nxe4 {[%clk 0:17:39]} 15. Nf3
{[%clk 0:17:05]} Rac8 {[%clk 0:16:09]} 16. Rc1 {[%clk 0:15:02]} b6
{[%clk 0:14:22]} 17. a3 {[%clk 0:14:39]} Nc6 {[%clk 0:12:38]} 18. Nd2
{[%clk 0:14:03]} Nxd2 {[%clk 0:11:35]} 19. Qxd2 {[%clk 0:14:01]} Qd7
{[%clk 0:10:28]} 20. Rfd1 {[%clk 0:10:46]} Qe6 {[%clk 0:08:40]} 21. Bb5
{[%clk 0:09:43]} Na5 {[%clk 0:07:11]} 22. Rc3 {[%clk 0:07:01]} c4
{[%clk 0:05:46]} 23. bxc4 {[%clk 0:06:30]} Nxc4 {[%clk 0:04:30]} 24. Bxc4
{[%clk 0:06:32]} Rxc4 {[%clk 0:04:16]} 25. Rxc4 {[%clk 0:06:34]} dxc4
{[%clk 0:04:22]} 26. Qc3 {[%clk 0:06:43]} b5 {[%clk 0:04:06]} 27. Rc1
{[%clk 0:06:42]} a6 {[%clk 0:03:30]} 28. d5 {[%clk 0:06:40]} Qg6 {[%clk 0:02:06]}
29. f5 {[%clk 0:05:35]} Qh6 {[%clk 0:00:46]} 30. e4 {[%clk 0:04:58]} Bc5+
{[%clk 0:00:40]} 31. Kh1 {[%clk 0:04:45]} f6 {[%clk 0:00:42]} 32. Qa5
{[%clk 0:04:36]} Ra8 {[%clk 0:00:23]} 33. Qc7 {[%clk 0:04:32]} Qh5
{[%clk 0:00:15]} 34. Qxc5 Qe2 35. Qc6 {[%clk 0:04:30]} Rf8 {[%clk 0:00:22]} 36.
Qe6+ {[%clk 0:04:36]} Kh8 {[%clk 0:00:27]} 37. Qe7 {[%clk 0:04:18]} Rg8
{[%clk 0:00:31]} 38. Qb4 {[%clk 0:04:25]} Qxe4 {[%clk 0:00:33]} 39. d6
{[%clk 0:04:24]} Qxf5 {[%clk 0:00:38]} 40. Rd1 {[%clk 0:04:23]} Rd8
{[%clk 0:00:30]} 41. Qd2 {[%clk 0:04:29]} Qc5 {[%clk 0:00:20]} 42. d7
{[%clk 0:04:34]} Qc6 {[%clk 0:00:15]} 43. Qe2 {[%clk 0:04:39]} Kg8
{[%clk 0:00:00]} 44. Qe7 {[%clk 0:04:39]} 1-0

[Event "MCR druzstev mladsich zaku 2015"]
[Site "Hradec Kralove"]
[Date "2015.06.12"]
[Round "2.10"]
[White "Mikesch (Interchess), Dalibor"]
[Black "Volak (Loko Brno), Simon"]
[Result "1-0"]
[BlackElo "1475"]
[WhiteElo "1384"]
[LiveChessVersion "1.4.4"]

1. e4 {[%clk 0:25:19]} c6 {[%clk 0:25:19]} 2. Nf3 {[%clk 0:25:19]} d5
{[%clk 0:25:27]} 3. exd5 {[%clk 0:25:24]} cxd5 {[%clk 0:25:35]} 4. d4
{[%clk 0:25:31]} Nc6 {[%clk 0:25:39]} 5. Be2 {[%clk 0:25:30]} Bf5
{[%clk 0:25:40]} 6. O-O {[%clk 0:25:36]} Nf6 {[%clk 0:25:48]} 7. Bg5
{[%clk 0:25:31]} Ne4 {[%clk 0:25:26]} 8. Bf4 {[%clk 0:25:14]} e6 {[%clk 0:25:23]}
9. Nbd2 {[%clk 0:24:59]} Bd6 {[%clk 0:25:19]} 10. Bxd6 {[%clk 0:24:33]} Qxd6
{[%clk 0:25:25]} 11. Nxe4 {[%clk 0:24:33]} Bxe4 {[%clk 0:25:21]} 12. c3
{[%clk 0:24:25]} O-O {[%clk 0:25:17]} 13. Bd3 {[%clk 0:24:25]} Bxd3
{[%clk 0:24:45]} 14. Qxd3 {[%clk 0:24:32]} Qe7 {[%clk 0:24:28]} 15. Rfe1
{[%clk 0:24:20]} Qf6 {[%clk 0:24:23]} 16. Ne5 {[%clk 0:23:20]} Nxe5
{[%clk 0:24:09]} 17. Rxe5 {[%clk 0:23:20]} Rac8 {[%clk 0:23:47]} 18. Rae1
{[%clk 0:22:31]} Rc6 {[%clk 0:23:54]} 19. R1e3 {[%clk 0:22:08]} Qg6
{[%clk 0:23:23]} 20. Qxg6 {[%clk 0:21:49]} hxg6 {[%clk 0:23:27]} 21. Re1
{[%clk 0:21:49]} Rfc8 {[%clk 0:23:16]} 22. g3 {[%clk 0:21:05]} b5
{[%clk 0:23:19]} 23. R5e3 {[%clk 0:19:12]} a5 {[%clk 0:23:08]} 24. Rc1
{[%clk 0:16:52]} b4 {[%clk 0:22:54]} 25. Kf1 {[%clk 0:15:28]} Rc4
{[%clk 0:22:43]} 26. Rd3 {[%clk 0:15:15]} Kf8 {[%clk 0:21:47]} 27. Ke2
{[%clk 0:14:26]} bxc3 {[%clk 0:21:09]} 28. Rdxc3 {[%clk 0:14:10]} Rxc3
{[%clk 0:20:47]} 29. Rxc3 {[%clk 0:14:12]} Rxc3 {[%clk 0:20:01]} 30. bxc3
{[%clk 0:14:18]} Ke7 {[%clk 0:20:08]} 31. Kd2 {[%clk 0:14:25]} Kd6
{[%clk 0:20:17]} 32. Kc2 {[%clk 0:14:26]} a4 {[%clk 0:20:11]} 33. Kb2
{[%clk 0:13:24]} Kc6 {[%clk 0:20:20]} 34. Kc2 {[%clk 0:12:57]} Kb5
{[%clk 0:20:25]} 35. Kd3 {[%clk 0:09:35]} g5 {[%clk 0:20:12]} 36. h3
{[%clk 0:09:12]} a3 {[%clk 0:19:09]} 37. f3 {[%clk 0:08:22]} f6 {[%clk 0:19:02]}
38. f4 {[%clk 0:07:27]} gxf4 {[%clk 0:18:34]} 39. gxf4 {[%clk 0:07:34]} g5
{[%clk 0:17:51]} 40. fxg5 {[%clk 0:07:35]} fxg5 {[%clk 0:17:59]} 41. Kd2
{[%clk 0:07:36]} Kc4 {[%clk 0:18:07]} 42. Kc2 {[%clk 0:07:44]} Kb5
{[%clk 0:17:53]} 43. Kb3 {[%clk 0:07:49]} Kc6 {[%clk 0:16:31]} 44. Kxa3
{[%clk 0:07:54]} Kb5 {[%clk 0:16:17]} 45. Kb3 {[%clk 0:08:02]} Kc6
{[%clk 0:15:42]} 46. Kb4 {[%clk 0:07:55]} Kb6 {[%clk 0:15:48]} 47. a4
{[%clk 0:08:00]} Kc6 {[%clk 0:15:46]} 48. a5 {[%clk 0:08:07]} Kb7
{[%clk 0:15:27]} 49. Kb5 {[%clk 0:08:13]} Ka7 {[%clk 0:15:30]} 50. a6
{[%clk 0:08:06]} Ka8 {[%clk 0:15:09]} 51. Kb6 {[%clk 0:07:43]} Kb8
{[%clk 0:15:18]} 52. Kc6 {[%clk 0:07:34]} Ka7 {[%clk 0:15:27]} 53. Kd6
{[%clk 0:07:43]} Kxa6 {[%clk 0:15:35]} 54. Kxe6 {[%clk 0:07:52]} Kb5
{[%clk 0:15:44]} 55. Kxd5 {[%clk 0:08:00]} Kb6 {[%clk 0:15:51]} 56. c4
{[%clk 0:08:05]} Kc7 {[%clk 0:16:00]} 57. c5 {[%clk 0:08:13]} Kd7
{[%clk 0:16:09]} 58. c6+ {[%clk 0:08:17]} Kc7 {[%clk 0:16:18]} 59. Kc5
{[%clk 0:08:26]} Kc8 {[%clk 0:16:22]} 60. Kd6 {[%clk 0:08:27]} Kd8
{[%clk 0:16:31]} 61. d5 {[%clk 0:08:27]} Kc8 {[%clk 0:16:37]} 62. Ke7
{[%clk 0:08:34]} Kc7 {[%clk 0:16:46]} 63. d6+ {[%clk 0:08:43]} Kxc6
{[%clk 0:16:55]} 64. d7 {[%clk 0:08:53]} Kd5 {[%clk 0:17:01]} 65. d8=Q+
{[%clk 0:09:00]} Ke4 {[%clk 0:17:10]} 66. Ke6 {[%clk 0:09:08]} Kf4
{[%clk 0:17:18]} 67. Qa5 {[%clk 0:09:09]} g4 {[%clk 0:17:17]} 68. hxg4
{[%clk 0:09:15]} Kxg4 {[%clk 0:17:25]} 69. Qf5+ {[%clk 0:09:21]} Kg3
{[%clk 0:17:33]} 70. Ke5 {[%clk 0:09:29]} 1-0

[Event "MCR druzstev mladsich zaku 2015"]
[Site "Hradec Kralove"]
[Date "2015.06.12"]
[Round "2.11"]
[White "Vavrinkova (Loko Brno), Anna"]
[Black "Lhotska (Interchess), Anna"]
[Result "1-0"]
[BlackElo "1568"]
[WhiteElo "1397"]
[LiveChessVersion "1.4.4"]

1. e4 {[%clk 0:25:18]} e5 {[%clk 0:25:18]} 2. Nf3 {[%clk 0:25:24]} Nf6
{[%clk 0:25:26]} 3. Nxe5 {[%clk 0:25:20]} d6 {[%clk 0:25:33]} 4. Nf3
{[%clk 0:25:27]} Nxe4 {[%clk 0:25:41]} 5. Qe2 {[%clk 0:25:19]} Qe7
{[%clk 0:25:48]} 6. d3 {[%clk 0:25:24]} Nf6 {[%clk 0:25:55]} 7. Bg5
{[%clk 0:25:27]} Qxe2+ {[%clk 0:25:53]} 8. Bxe2 {[%clk 0:25:30]} Be7
{[%clk 0:26:00]} 9. Nc3 {[%clk 0:24:34]} h6 {[%clk 0:26:00]} 10. Bh4
{[%clk 0:24:31]} g5 {[%clk 0:26:02]} 11. Bg3 {[%clk 0:24:38]} Nc6
{[%clk 0:25:57]} 12. O-O {[%clk 0:24:16]} Be6 {[%clk 0:25:51]} 13. h3
{[%clk 0:24:02]} O-O-O {[%clk 0:25:52]} 14. d4 {[%clk 0:24:00]} d5
{[%clk 0:25:51]} 15. a4 {[%clk 0:23:58]} a5 {[%clk 0:25:15]} 16. Rab1
{[%clk 0:23:38]} Ne4 {[%clk 0:24:40]} 17. Bh2 {[%clk 0:20:17]} g4
{[%clk 0:22:58]} 18. hxg4 {[%clk 0:18:17]} Bxg4 {[%clk 0:23:04]} 19. Rfe1
{[%clk 0:18:18]} Bb4 {[%clk 0:22:27]} 20. Ne5 {[%clk 0:15:42]} Nxe5
{[%clk 0:22:33]} 21. Bxe5 {[%clk 0:15:43]} Bxe2 {[%clk 0:22:28]} 22. Rxe2
{[%clk 0:15:00]} Bxc3 {[%clk 0:22:19]} 23. Bxh8 {[%clk 0:13:53]} Rxh8
{[%clk 0:22:27]} 24. Rxe4 {[%clk 0:13:57]} dxe4 {[%clk 0:22:34]} 25. bxc3
{[%clk 0:14:06]} Rd8 {[%clk 0:22:21]} 26. Re1 {[%clk 0:14:12]} f5
{[%clk 0:22:29]} 27. Kh2 {[%clk 0:14:09]} Rg8 {[%clk 0:22:33]} 28. c4
{[%clk 0:13:50]} Kd7 {[%clk 0:22:34]} 29. d5 {[%clk 0:13:58]} c6 {[%clk 0:22:39]}
30. Rd1 {[%clk 0:13:59]} Kc7 {[%clk 0:22:12]} 31. d6+ {[%clk 0:13:30]} Kd7
{[%clk 0:22:20]} 32. c5 {[%clk 0:13:37]} Re8 {[%clk 0:22:08]} 33. Kg3
{[%clk 0:13:37]} Re5 {[%clk 0:22:16]} 34. Kf4 {[%clk 0:12:04]} Rxc5
{[%clk 0:22:23]} 35. Rd2 {[%clk 0:12:01]} b5 {[%clk 0:22:11]} 36. axb5
{[%clk 0:12:00]} cxb5 {[%clk 0:22:17]} 37. Ke3 {[%clk 0:11:49]} Rc6
{[%clk 0:22:18]} 38. Rd5 {[%clk 0:10:23]} Rxd6 {[%clk 0:21:57]} 39. Rxb5
{[%clk 0:10:12]} Rc6 {[%clk 0:21:58]} 40. Rxa5 {[%clk 0:10:15]} Ke6
{[%clk 0:22:01]} 41. Kd2 {[%clk 0:09:43]} Rd6+ {[%clk 0:21:57]} 42. Ke3
{[%clk 0:09:45]} Kf6 {[%clk 0:21:37]} 43. Kf4 {[%clk 0:09:48]} Rd2
{[%clk 0:21:15]} 44. Rxf5+ {[%clk 0:09:39]} Kg6 {[%clk 0:21:13]} 45. Kxe4
{[%clk 0:09:40]} Rxc2 {[%clk 0:21:20]} 46. Rf3 {[%clk 0:09:37]} Rc5
{[%clk 0:21:23]} 47. Rg3+ {[%clk 0:09:40]} Kf6 {[%clk 0:21:15]} 48. Rh3
{[%clk 0:09:33]} Rc4+ {[%clk 0:21:19]} 49. Ke3 {[%clk 0:09:09]} Kg5
{[%clk 0:21:14]} 50. Rg3+ {[%clk 0:08:39]} Rg4 {[%clk 0:20:22]} 51. Rxg4+
{[%clk 0:10:40]} Kxg4 {[%clk 0:20:30]} 52. f4 {[%clk 0:10:42]} Kf5
{[%clk 0:20:32]} 53. Kf3 {[%clk 0:10:48]} h5 {[%clk 0:20:39]} 54. g3
{[%clk 0:10:55]} Kf6 {[%clk 0:20:35]} 55. Ke4 {[%clk 0:10:58]} Ke6
{[%clk 0:20:42]} 56. f5+ {[%clk 0:10:58]} Kf6 {[%clk 0:20:50]} 57. Kf4
{[%clk 0:11:06]} Kf7 {[%clk 0:20:53]} 58. Kg5 {[%clk 0:11:14]} Kg7
{[%clk 0:21:01]} 59. Kxh5 {[%clk 0:10:49]} Kf6 {[%clk 0:21:09]} 60. Kg4
{[%clk 0:10:58]} Kf7 {[%clk 0:21:15]} 61. Kf4 {[%clk 0:11:05]} Kf6
{[%clk 0:21:23]} 62. g4 {[%clk 0:11:14]} Kf7 {[%clk 0:21:32]} 63. g5
{[%clk 0:11:22]} Kg7 {[%clk 0:21:40]} 64. Ke5 {[%clk 0:11:29]} Kf7
{[%clk 0:21:48]} 65. g6+ {[%clk 0:11:37]} Kg7 {[%clk 0:21:55]} 66. Ke6
{[%clk 0:11:39]} Kf8 {[%clk 0:22:04]} 67. f6 {[%clk 0:11:46]} Ke8
{[%clk 0:22:07]} 68. g7 {[%clk 0:11:50]} Kd8 {[%clk 0:22:15]} 69. g8=Q+
{[%clk 0:11:56]} Kc7 {[%clk 0:22:23]} 70. f7 {[%clk 0:12:01]} Kc6
{[%clk 0:22:31]} 71. f8=R {[%clk 0:12:07]} Kc5 {[%clk 0:22:38]} 72. Rf6
{[%clk 0:11:58]} Kd4 {[%clk 0:22:44]} 73. Rf5 {[%clk 0:12:03]} Ke4
{[%clk 0:22:51]} 74. Qg4+ {[%clk 0:12:12]} Ke3 {[%clk 0:22:58]} 75. Rf3+
{[%clk 0:12:20]} Ke2 {[%clk 0:23:06]} 76. Qg2+ {[%clk 0:12:29]} Ke1
{[%clk 0:23:16]} 77. Rf1# {[%clk 0:12:26]} 1-0

[Event "MCR druzstev mladsich zaku 2015"]
[Site "Hradec Kralove"]
[Date "2015.06.12"]
[Round "2.12"]
[White "Taus (Interchess), Zdenek"]
[Black "Dvoracek (Loko Brno), Jan Matyas"]
[Result "0-1"]
[BlackElo "1329"]
[WhiteElo "1100"]
[LiveChessVersion "1.4.4"]

1. e4 {[%clk 0:25:18]} e5 {[%clk 0:25:18]} 2. Nf3 {[%clk 0:25:26]} Nc6
{[%clk 0:25:26]} 3. Bc4 {[%clk 0:25:15]} Bc5 {[%clk 0:25:33]} 4. Nc3
{[%clk 0:25:02]} d6 {[%clk 0:25:37]} 5. d3 {[%clk 0:24:56]} Bg4 {[%clk 0:25:43]}
6. Be3 {[%clk 0:24:43]} Bxe3 {[%clk 0:25:17]} 7. fxe3 {[%clk 0:24:37]} Nf6
{[%clk 0:25:21]} 8. Qe2 {[%clk 0:24:26]} O-O {[%clk 0:24:45]} 9. O-O-O
{[%clk 0:24:18]} a6 {[%clk 0:23:41]} 10. h3 {[%clk 0:24:11]} Be6 {[%clk 0:22:46]}
11. h4 {[%clk 0:23:43]} b5 {[%clk 0:22:46]} 12. Rh3 {[%clk 0:23:31]} Bxh3
{[%clk 0:22:46]} 13. gxh3 {[%clk 0:23:31]} bxc4 {[%clk 0:22:49]} 14. dxc4
{[%clk 0:23:20]} Rb8 {[%clk 0:21:34]} 15. Rg1 {[%clk 0:23:27]} Qd7
{[%clk 0:19:17]} 16. Qg2 {[%clk 0:23:16]} g6 {[%clk 0:19:07]} 17. Qg5
{[%clk 0:23:05]} Kg7 {[%clk 0:18:32]} 18. h5 {[%clk 0:22:59]} h6 {[%clk 0:17:18]}
19. Qf5 {[%clk 0:22:33]} Qxf5 {[%clk 0:16:52]} 20. exf5 {[%clk 0:22:36]} g5
{[%clk 0:16:45]} 21. h4 {[%clk 0:22:11]} g4 {[%clk 0:16:24]} 22. Ng5
{[%clk 0:22:01]} hxg5 {[%clk 0:16:23]} 23. hxg5 {[%clk 0:22:03]} Nxh5
{[%clk 0:16:06]} 24. Rxg4 {[%clk 0:21:40]} Rb7 {[%clk 0:14:20]} 25. Rh4
{[%clk 0:21:24]} Rh8 {[%clk 0:13:46]} 26. Nd5 {[%clk 0:21:02]} Ng3
{[%clk 0:12:56]} 27. f6+ {[%clk 0:20:53]} Kg8 {[%clk 0:12:29]} 28. Ne7+
{[%clk 0:20:41]} Nxe7 {[%clk 0:12:36]} 29. fxe7 {[%clk 0:20:36]} Rb8
{[%clk 0:12:41]} 30. Rg4 {[%clk 0:20:04]} Nf5 {[%clk 0:12:35]} 31. e4
{[%clk 0:19:54]} Nxe7 {[%clk 0:12:22]} 32. Rg3 {[%clk 0:19:39]} Rh4
{[%clk 0:11:43]} 33. b3 {[%clk 0:19:38]} Rxe4 {[%clk 0:11:46]} 34. Rh3
{[%clk 0:19:24]} Rg4 {[%clk 0:11:37]} 35. Rh5 {[%clk 0:19:19]} Kg7
{[%clk 0:11:35]} 36. Rh6 {[%clk 0:18:59]} Rh8 {[%clk 0:11:31]} 37. Rxh8
{[%clk 0:18:49]} Kxh8 {[%clk 0:11:39]} 38. b4 {[%clk 0:18:39]} Rxc4
{[%clk 0:11:33]} 39. a3 {[%clk 0:18:44]} Ng6 {[%clk 0:11:52]} 40. b5
{[%clk 0:19:05]} 0-1

[Event "MCR druzstev mladsich zaku 2015"]
[Site "Hradec Kralove"]
[Date "2015.06.12"]
[Round "2.13"]
[White "Svanda (Policka), Ondrej"]
[Black "Koubova (ERA), Anna Marie"]
[Result "0-1"]
[BlackElo "1623"]
[WhiteElo "1863"]
[LiveChessVersion "1.4.4"]

1. e4 {[%clk 0:25:19]} c5 {[%clk 0:25:19]} 2. Nc3 {[%clk 0:25:27]} e6
{[%clk 0:25:27]} 3. g3 {[%clk 0:25:32]} Nc6 {[%clk 0:25:20]} 4. Bg2
{[%clk 0:25:41]} Nf6 {[%clk 0:25:22]} 5. d3 {[%clk 0:25:45]} Be7 {[%clk 0:25:16]}
6. f4 {[%clk 0:25:43]} e5 {[%clk 0:23:45]} 7. Nf3 {[%clk 0:25:29]} d6
{[%clk 0:22:52]} 8. O-O {[%clk 0:25:15]} O-O {[%clk 0:22:54]} 9. f5
{[%clk 0:25:05]} d5 {[%clk 0:21:31]} 10. exd5 {[%clk 0:22:45]} Nxd5
{[%clk 0:21:38]} 11. Nxe5 {[%clk 0:22:19]} Nxc3 {[%clk 0:18:44]} 12. Nxc6
{[%clk 0:22:26]} Nxd1 {[%clk 0:17:59]} 13. Nxd8 {[%clk 0:22:34]} Rxd8
{[%clk 0:18:07]} 14. Rxd1 {[%clk 0:22:39]} Bxf5 {[%clk 0:17:48]} 15. Bxb7
{[%clk 0:21:46]} Rab8 {[%clk 0:17:56]} 16. Bf3 {[%clk 0:21:52]} Bf6
{[%clk 0:17:07]} 17. Rb1 {[%clk 0:21:12]} c4 {[%clk 0:15:15]} 18. Bf4
{[%clk 0:19:18]} Rxb2 {[%clk 0:05:56]} 19. Rxb2 {[%clk 0:19:08]} Bxb2
{[%clk 0:06:04]} 20. dxc4 {[%clk 0:19:12]} Rxd1+ {[%clk 0:05:14]} 21. Bxd1
{[%clk 0:19:22]} Be6 {[%clk 0:05:08]} 22. Be2 {[%clk 0:19:22]} Kf8
{[%clk 0:04:49]} 23. Kf2 {[%clk 0:19:30]} Bd4+ {[%clk 0:04:52]} 24. Be3
{[%clk 0:19:37]} Bb6 {[%clk 0:04:58]} 25. Bxb6 {[%clk 0:19:42]} axb6
{[%clk 0:05:06]} 26. Ke3 {[%clk 0:19:44]} Ke7 {[%clk 0:05:15]} 27. Kd4
{[%clk 0:19:39]} Kd6 {[%clk 0:05:21]} 28. Bf3 {[%clk 0:19:41]} g6
{[%clk 0:01:58]} 29. Bd5 {[%clk 0:19:20]} Bf5 {[%clk 0:01:56]} 30. c3
{[%clk 0:19:24]} f6 {[%clk 0:01:58]} 31. Be4 {[%clk 0:18:20]} Bg4
{[%clk 0:02:05]} 32. a3 {[%clk 0:17:48]} Bd1 {[%clk 0:02:09]} 33. h4
{[%clk 0:17:16]} Be2 {[%clk 0:01:05]} 34. Bd5 {[%clk 0:16:27]} h6
{[%clk 0:01:05]} 35. Ke3 {[%clk 0:14:54]} Bd1 {[%clk 0:01:06]} 36. Bf7
{[%clk 0:13:49]} g5 {[%clk 0:01:13]} 37. hxg5 {[%clk 0:13:38]} fxg5
{[%clk 0:00:51]} 38. Bg6 {[%clk 0:12:43]} Kc5 {[%clk 0:00:29]} 39. Bd3
{[%clk 0:11:47]} Bb3 {[%clk 0:00:30]} 40. Ke4 {[%clk 0:11:54]} Bxc4
{[%clk 0:00:31]} 41. Bxc4 {[%clk 0:12:02]} Kxc4 {[%clk 0:00:39]} 42. Kf5
{[%clk 0:12:11]} Kxc3 {[%clk 0:00:45]} 43. Kg6 {[%clk 0:12:20]} Kb3
{[%clk 0:00:51]} 44. Kxh6 {[%clk 0:12:28]} Kxa3 {[%clk 0:00:54]} 45. Kxg5
{[%clk 0:12:37]} b5 {[%clk 0:01:01]} 46. g4 {[%clk 0:12:44]} b4 {[%clk 0:01:10]}
47. Kh6 {[%clk 0:12:51]} b3 {[%clk 0:01:17]} 48. g5 {[%clk 0:13:01]} b2
{[%clk 0:01:25]} 49. g6 {[%clk 0:13:05]} b1=Q {[%clk 0:01:31]} 50. g7
{[%clk 0:13:14]} Qh1+ {[%clk 0:01:38]} 51. Kg6 {[%clk 0:13:22]} Qg2+
{[%clk 0:01:45]} 52. Kf7 {[%clk 0:13:24]} Qf3+ {[%clk 0:01:52]} 53. Ke8
{[%clk 0:13:19]} Qe4+ {[%clk 0:01:55]} 54. Kf7 {[%clk 0:13:16]} Qf5+
{[%clk 0:02:02]} 55. Ke8 {[%clk 0:13:20]} Qg6+ {[%clk 0:02:10]} 56. Kf8
{[%clk 0:13:28]} Qf6+ {[%clk 0:02:17]} 57. Kg8 {[%clk 0:13:37]} Kb4
{[%clk 0:02:23]} 58. Kh7 {[%clk 0:13:44]} Qh4+ {[%clk 0:02:30]} 59. Kg8
{[%clk 0:13:53]} Kc5 {[%clk 0:02:38]} 60. Kf7 {[%clk 0:14:01]} Qf4+
{[%clk 0:02:45]} 61. Kg6 {[%clk 0:14:03]} Qg4+ {[%clk 0:02:52]} 62. Kf7
{[%clk 0:14:11]} Qf5+ {[%clk 0:03:01]} 63. Ke8 {[%clk 0:14:18]} Qg6+
{[%clk 0:03:08]} 64. Kf8 {[%clk 0:14:27]} Qf6+ {[%clk 0:03:16]} 65. Kg8
{[%clk 0:14:36]} Kd6 {[%clk 0:03:22]} 66. Kh7 {[%clk 0:14:44]} Qh4+
{[%clk 0:03:22]} 67. Kg8 {[%clk 0:14:52]} Ke6 {[%clk 0:03:26]} 68. Kf8
{[%clk 0:15:01]} Qf6+ {[%clk 0:03:30]} 69. Kg8 {[%clk 0:15:06]} Ke7
{[%clk 0:02:46]} 70. Kh7 {[%clk 0:15:03]} Qh4+ {[%clk 0:02:49]} 71. Kg6
{[%clk 0:15:04]} Qg4+ {[%clk 0:02:56]} 72. Kh7 {[%clk 0:15:12]} Kf7
{[%clk 0:03:03]} 0-1

[Event "MCR druzstev mladsich zaku 2015"]
[Site "Hradec Kralove"]
[Date "2015.06.12"]
[Round "2.14"]
[White "Hrbek (ERA), Stepan"]
[Black "Pavlicek (Policka), Lukas"]
[Result "0-1"]
[BlackElo "1563"]
[WhiteElo "1452"]
[LiveChessVersion "1.4.4"]

1. d4 {[%clk 0:25:17]} e6 {[%clk 0:25:19]} 2. g3 {[%clk 0:25:09]} f5
{[%clk 0:25:22]} 3. Bg2 {[%clk 0:25:08]} Nf6 {[%clk 0:25:18]} 4. Nf3
{[%clk 0:25:00]} Be7 {[%clk 0:24:32]} 5. O-O {[%clk 0:24:55]} O-O
{[%clk 0:24:19]} 6. c4 {[%clk 0:24:44]} d6 {[%clk 0:22:50]} 7. Nc3
{[%clk 0:23:46]} Nbd7 {[%clk 0:22:05]} 8. Qb3 {[%clk 0:22:12]} c5
{[%clk 0:18:34]} 9. d5 {[%clk 0:18:14]} exd5 10. cxd5 {[%clk 0:15:20]} Nb6
{[%clk 0:15:17]} 11. a4 {[%clk 0:12:24]} a5 {[%clk 0:13:25]} 12. Be3
{[%clk 0:10:23]} Ng4 {[%clk 0:11:29]} 13. Bxc5 {[%clk 0:09:39]} Nd7
{[%clk 0:08:58]} 14. Bd4 {[%clk 0:07:56]} Bf6 {[%clk 0:07:01]} 15. Nb5
{[%clk 0:04:28]} Bxd4 {[%clk 0:06:16]} 16. Nfxd4 {[%clk 0:04:34]} Nc5
{[%clk 0:06:03]} 17. Qc2 {[%clk 0:04:28]} Qe7 {[%clk 0:02:23]} 18. Rfc1
{[%clk 0:04:05]} b6 {[%clk 0:00:48]} 19. Nc6 {[%clk 0:03:46]} Qd7
{[%clk 0:00:27]} 20. Nbd4 {[%clk 0:03:00]} Bb7 {[%clk 0:00:15]} 21. h3
{[%clk 0:02:15]} Nh6 {[%clk 0:00:19]} 22. Qc4 {[%clk 0:01:26]} Nf7
{[%clk 0:00:15]} 23. Ne6 {[%clk 0:01:06]} Rfc8 {[%clk 0:00:14]} 24. Nxc5 bxc5
{[%clk 0:00:13]} 25. f4 {[%clk 0:00:54]} Qc7 {[%clk 0:00:14]} 26. Ra3
{[%clk 0:00:58]} Bxc6 {[%clk 0:00:20]} 27. dxc6 Rd8 {[%clk 0:00:23]} 28. Bd5
{[%clk 0:01:13]} Kf8 {[%clk 0:00:21]} 29. Rb3 {[%clk 0:01:23]} Rab8
{[%clk 0:00:26]} 30. Rb7 {[%clk 0:01:27]} Rxb7 {[%clk 0:00:33]} 31. cxb7
{[%clk 0:01:36]} Rb8 {[%clk 0:00:37]} 32. Rc3 {[%clk 0:01:46]} Nd8
{[%clk 0:00:41]} 33. Rb3 {[%clk 0:01:54]} Nxb7 {[%clk 0:00:48]} 34. Bxb7
{[%clk 0:02:00]} Rxb7 {[%clk 0:00:57]} 35. Rxb7 {[%clk 0:02:00]} Qxb7
{[%clk 0:01:06]} 36. b3 {[%clk 0:01:54]} Qe4 {[%clk 0:00:38]} 37. g4
{[%clk 0:01:01]} g6 {[%clk 0:00:23]} 38. gxf5 {[%clk 0:01:10]} Qxf5
{[%clk 0:00:19]} 39. Kg2 Ke7 {[%clk 0:00:15]} 40. Kg3 {[%clk 0:01:28]} g5
{[%clk 0:00:17]} 41. fxg5 {[%clk 0:01:02]} Qxg5+ {[%clk 0:00:25]} 42. Kf3
{[%clk 0:01:08]} Qf5+ {[%clk 0:00:33]} 43. Kg3 {[%clk 0:01:05]} Qe5+
{[%clk 0:00:30]} 44. Kg4 {[%clk 0:01:07]} Qe6+ {[%clk 0:00:21]} 45. Qxe6+
{[%clk 0:00:58]} Kxe6 {[%clk 0:00:30]} 46. Kg5 {[%clk 0:00:58]} d5
{[%clk 0:00:32]} 47. Kh6 {[%clk 0:01:07]} c4 {[%clk 0:00:41]} 48. b4
{[%clk 0:01:00]} c3 {[%clk 0:00:50]} 49. bxa5 {[%clk 0:01:05]} c2
{[%clk 0:00:59]} 50. a6 {[%clk 0:01:14]} c1=Q+ {[%clk 0:01:07]} 51. Kxh7
{[%clk 0:01:23]} Qc7+ {[%clk 0:01:13]} 52. Kg6 Qf7+ {[%clk 0:01:06]} 53. Kg5
{[%clk 0:01:42]} Ke5 {[%clk 0:01:10]} 54. Kh6 {[%clk 0:01:34]} Kf6
{[%clk 0:01:09]} 55. a7 {[%clk 0:01:42]} Qg6# 0-1